000 00762nam a2200217 a 4500
003 0
005 20250206155556.0
008 130829s19uu xx 00 eng d
050 _aPGS TX 361.A8
_b.G996 2013
100 _aGyeong, An Tae.
245 _aBody mass index and weight management /
_cAn Tae Gyeong.
260 _aLas PiƱas City, Philippines :
_bSouthville International School and Colleges,
_c2013.
300 _a32 pages :
_billustrations ;
_c28 cm.
504 _aIncludes bibliographical references.
650 _aBody mass index in children.
650 _aWeight management for children.
650 _aNutritional status in children.
650 _aSchool children
_vNutrition.
650 _aPhysical fitness for children.
942 _2lcc
_cPASS
999 _c99028
_d99028